Informal dispute resolution in the North East and Puttalam (Record no. 4883)
[ view plain ]
| 000 -LEADER | |
|---|---|
| fixed length control field | 00547nam a2200157 4500 |
| 008 - FIXED-LENGTH DATA ELEMENTS--GENERAL INFORMATION | |
| fixed length control field | 240503b |||||||| |||| 00| 0 eng d |
| 020 ## - ISBN | |
| ISBN | 9558037435 |
| 082 ## - DEWEY DECIMAL CLASSIFICATION NUMBER | |
| Classification number | 303.6 |
| Item number | CEN |
| 942 ## - ADDED ENTRY ELEMENTS (KOHA) | |
| Item Type | Reports |
| 110 ## - MAIN ENTRY--CORPORATE NAME | |
| Corporate Name | Centre for Policy Alternatives |
| 245 ## - TITLE STATEMENT | |
| Title | Informal dispute resolution in the North East and Puttalam |
| 260 ## - PUBLICATION, DISTRIBUTION, ETC. (IMPRINT) | |
| Place of Publication | Colombo: |
| Name of Publisher | Centre for Policy Alternatives, |
| Date of Copyright | 2003 |
| 300 ## - PHYSICAL DESCRIPTION | |
| Extent | 124 pages; 25 cm |
| 856 ## - ELECTRONIC LOCATION AND ACCESS | |
| Uniform Resource Identifier | <a href="https://www.cpalanka.org/wp-content/uploads/2007/8/Informal_Dispute_Resolution.pdf">https://www.cpalanka.org/wp-content/uploads/2007/8/Informal_Dispute_Resolution.pdf</a> |
| 650 ## - SUBJECT ADDED ENTRY--TOPICAL TERM | |
| Topical Term | CONFLICT MANAGEMENT-Sri Lanka |
| Withdrawn status | Lost status | Source of classification or shelving scheme | Damaged status | Not for loan | Permanent location | Current location | Date acquired | Total Checkouts | Full call number | Barcode | Date last seen | Price effective from | Koha item type |
|---|---|---|---|---|---|---|---|---|---|---|---|---|---|
| Dewey Decimal Classification | Resource center, Muslim Women's Research And Action Forum | Resource center, Muslim Women's Research And Action Forum | 2024-05-03 | 303.6 CEN | RAF5239 | 2024-05-03 | 2024-05-03 | Reports | |||||
| Dewey Decimal Classification | Resource center, Muslim Women's Research And Action Forum | Resource center, Muslim Women's Research And Action Forum | 2024-05-03 | 303.6 CEN | RAF5240 | 2024-05-03 | 2024-05-03 | Reports |

